00891cam a2200253 a 4500999001700000001000800017005001700025008004100042010001700083020001500100020002800115040002300143050002200166100004100188240002300229245003400252250001300286260004500299300004500344650002800389650002700417942003100444952016200475 c30765d30765396190420201007115731.0940914s1995 mdua d 001 0 eng c a 94038190  a0683079220 a0683079352 (deluxe ed.) aDNLM/DLCcDLCdDLC00aR 121.58 .S8 19951 aStedman, Thomas Lathrop,d1853-1938.10aMedical dictionary00aStedman's medical dictionary. a26th ed. aBaltimore :bWilliams & Wilkins,cc1995. a1 v. (various pagings) :bill. ;c27 cm. 0aMedicinexDictionaries.12aDictionaries, Medical. 2lcccBOOKShR 121 .S8 1995 00102lcc4070aMUCbMUCcGENd2020-10-07eDonation - The Co-operative University of Kenyag7048.00l0oR 121 .S8 1995p23427r2020-10-07w2020-10-07yBOOKS